000 00493nam a2200205Ia 4500
003 OSt
005 20140319141740.0
008 140130s9999 xx 000 0 und d
020 _a9780516297026
050 _aF 187.C5
_b.B46 2006
100 _aBennet, Kelly
245 _cKelly Bennet.
_aChesapeake bay /
260 _bScholastic,
_c2006.
_aNew York :
300 _a84 p. :
_bcol. ill. ;
_c17 cm.
440 _v1
521 _aG2
526 _c430
942 _cBK
_2lcc
999 _c40321
_d40321